US Rivers Map Quiz Stats

 Plays Quiz not verified by Sporcle

Also try: Layered USA
Challenge
Share
Tweet
Score 0/18 Timer 05:00
0 Plays Today
% Correct
Mississippi
92.6%
Rio Grande
88.4%
Ohio
85.9%
Missouri
85.2%
Colorado
85%
Hudson
79.1%
Snake
70.4%
Columbia
68.9%
Tennessee
68.2%
% Correct
Yukon
66.8%
Red
65.8%
Arkansas
63.2%
Platte
57.7%
Connecticut
52.4%
Sacramento
50.9%
Savannah
49.6%
Susquehanna
37.2%
San Joaquin
31%

You're not logged in!

Compare scores with friends on all Sporcle quizzes.
Join for Free
OR
Log In

You Might Also Like...

Show Comments

Extras

Top Quizzes Today


Score Distribution

Your Account Isn't Verified!

In order to create a playlist on Sporcle, you need to verify the email address you used during registration. Go to your Sporcle Settings to finish the process.

Report this User

Report this user for behavior that violates our Community Guidelines.

Details: